Normal view MARC view

Entry Personal Name

Number of records used in: 1

001 - CONTROL NUMBER

  • control field: 1239785

003 - CONTROL NUMBER IDENTIFIER

  • control field: OSt

005 - DATE AND TIME OF LATEST TRANSACTION

  • control field: 20260514122629.0

008 - FIXED-LENGTH DATA ELEMENTS

  • fixed length control field: 260514|| aca||aabn | a|a d

040 ## - CATALOGING SOURCE

  • Original cataloging agency: OSt
  • Transcribing agency: OSt

100 ## - HEADING--PERSONAL NAME

  • Personal name: Dr.Anita S.Acharya

670 ## - SOURCE DATA FOUND

  • Source citation: Work cat.: (OSt)1851562: Dahiya Dr.Neha 1239783, Clinico-Epidemiological Study of Women with Advanced Cervical and Their Quality of Life Following Treatment in a Tertiary Care Institute of Delhi.
Copyright @ Delhi University Library System